| 000 | 00532cab a2200193 4500 | ||
|---|---|---|---|
| 001 | X3534 | ||
| 008 | 090401t1996 xxu||||| |||| 00| 0 eng d | ||
| 035 | _a(Sirsi) u31031 | ||
| 041 | _aeng | ||
| 245 | _aNVQ IV building control in progress | ||
| 260 | _c1996 | ||
| 350 | _a0 | ||
| 490 |
_aCSM (Chartered Surveyor Monthly) _v5(8) May 1996, 21(1) |
||
| 650 |
_aBUILDING CONTROL _96222 |
||
| 650 | _aNATIONAL VOCATIONAL QUALIFICATIONS | ||
| 690 | _aBUILT ENVIRONMENT-BUILDING CONTRACT FORMS | ||
| 942 | _n0 | ||
| 948 | _c04/03/1997 | ||
| 999 |
_c20865 _d20865 |
||